1944 1387 1768 1933 1293 1172 1477 1594 1959 1552 1310 1926 1874 1372 1512 1197 1513 1451 1334 1306 1921 1497 1878 1081 1543 1219 1966 1631 1847 1376 1102 1814 1157 1896 1648 1119 1680 1967 1707 1394 1682 1102 1758 1487 1737 1963 1435 1455 1040 1085 1552 1256 1821 1790 1271 1777 1798 1601 1613 1159 1950 1189 1898 1979 1994 1626 1268 1778 1105 1616 1751 1329 1272 1103 1017 1234 1385 1352 1066 1220 1394 1607 1729 1750 1952 1210 1758 1251 1470 1915 1618 1455 1572 1285 1138 1699 1350 1193 1690 BCNSPRNW ULIB Ver.6.0+V

เปลี่ยนเป็นภาษาไทย

Change to English
 แสดงรายละเอียดบรรณานุกรม
  กลับหน้าหลัก

Brief Record : Get Marc (ISO 2709) : E-mail record : QR code < ปิดหน้าต่าง
LEADER : 00000nam 2200000uu 4500
001    13399111027
003     ULIB
008    110615s||||||||th 000 0 tha d
020    9789747116519
050  4 B105.S64^bป382ว 2550
100 0  ประเวศ วะสี
245 10 วิถีมนุษย์ในศตวรรษที่ ๒๑ :^bศูนย์ หนึ่ง เก้า /^cประเวศ วะสี
250    พิมพ์ครั้งที่ 4
260    กรุงเทพฯ :^bสวนเงินมีมา,^c2550
300    (22), 182 หน้า ;^c21 ซม.
650  7 จิตวิญญาณ
650  7 ปรัชญา
650  7 จิตใจและร่างกาย
650  7 อัตตา
945    ^p100^l0^i025159
995    ทศพร
999 ^a ใช้งานได้ทุกระบบ
รายการนี้ยังไม่มีแท็ก
คุณยังไม่ได้ล็อกอิน คุณสามารถมีกิจกรรมร่วมกับเว็บไซต์ได้ แต่ต้องล็อกอินก่อน ::
  ล็อกอิน

รายการสื่อสารสนเทศ

ลำดับที่ ประเภท เลขเรียก/บาร์โค้ด สถานที่ สถานะ
- ไม่พบข้อมูล -

รายการใกล้เคียง
    ผู้แต่ง [ประเวศ วะสี]

    หัวเรื่อง [จิตวิญญาณ]
    หัวเรื่อง [ปรัชญา]

BibComment


ยังไม่เคยถูกคอมเมนท์

คอมเมนท์ทรัพยากรรายการนี้
  คอมเมนท์: วิถีมนุษย์ในศตวรร..


 Copyright 2026. Bcnsprnw @Library